000 00819nam a2200241 4500
001 11367
003 HDC
007 cr bn ---aaaaa
008 210207c dr|noo 0 a eng d
040 _aHDC
245 0 _aZahid's visit to Japan paves way for greater cooperation in halal industry
260 _a[No place] :
_bThe Borneo Post Online,
_c[no year]
336 _atext
_2rdacontent
337 _acomputer
_2rdamedia
338 _aonline resource
_2rdacarrier
650 _aEconomic ties
_911662
650 _aHalal industry
_9144
710 _aThe Borneo Post Online
856 _zRequest full-text at [email protected]
942 _2lcc
942 _cNEWS
942 _kNWSO 002261
999 _c8690
_d8690